Music Artists by Song - U - Statistics

General Stats
  • This quiz has been taken 64 times
  • The average score is 2 of 5
Answer Stats
Songs Artist % Correct
With or Without You / I Still Haven't Found What I'm Looking For / Beautiful Day U2
91%
Yeah! / DJ Got Us Fallin' In Love / My Boo USHER
79%
Born Slippy / Cowgirl / 8 Ball Underworld
16%
So Good at Being in Trouble / Hunnybee / BOYS WITH THE CHARACTERISTICS OF WOLVES Unknown Mortal Orchestra
2%
Cantaloop / Tukka Yoot's Riddim / I Got It Goin' On US3
2%
No matching quizzes found
Score Distribution
Percent of People with Each Score
Percentile by Number Answered
Your Score History
You have not taken this quiz